Nuts, Seeds and Cones Quiz - Statistics

General Stats
  • This quiz has been taken 51 times
  • The average score is 12 of 16
Answer Stats
Picture Answer % Correct
Coconut
100%
Walnut
100%
Cashew
98%
Peanut
98%
Acorn
94%
Almond
94%
Pistachio
87%
Sunflower Seed
87%
Pinecone
85%
Pumpkin Seed
85%
Hazelnut
79%
Pecan
74%
Chestnut
70%
Brazil Nut
64%
Pine Nut
15%
Alder Cone
9%
No matching quizzes found
Score Distribution
Percent of People with Each Score
Percentile by Number Answered
Your Score History
You have not taken this quiz